Science Fiction Movies and Films by Clue #2 - Statistics

General Stats
  • This quiz has been taken 121 times
  • The average score is 9 of 18
Answer Stats
Year Synopsis Movie % Correct
2013 Man falls for his AI assistant. Her
73%
2018 VR gamer hunts for hidden fortune. Ready Player One
71%
2009 Aliens stranded in South Africa face oppression. District 9
70%
1997 Flying cab driver must save world with orange-haired woman. The Fifth Element
70%
2006 A world without children faces extinction. Children of Men
61%
1989 Scientists explore the deepest cracks of our oceans. The Abyss
61%
2016 Linguist deciphers alien language and reshapes time. Arrival
59%
2014 Soldier relives alien war in time loop. Edge of Tomorrow
58%
2012 Hitman must kill his future self. Looper
53%
1995 Man is sent back in time to prevent an epidemic. 12 Monkeys
51%
1993 Frozen cop wakes in a crime-free future. Demolition Man
50%
1997 Scientist receives an alien transmission. Contact
47%
2001 A Pinocchio story with a cyborg as protagonist A.I. Artificial Intelligence
42%
2012 In 2089, scientists follow a star map to meet the "Engineers" Prometheus
39%
1997 A lost spaceship returns from another dimension. Event Horizon
36%
1998 An amnesiac is suspected of murder in a strange, dark city. Dark City
34%
1992 VR experiments turn man into a super-intelligence. Lawnmower Man
28%
2012 Interconnected lives across time shape humanity’s fate. Cloud Atlas
21%
No matching quizzes found
Score Distribution
Percent of People with Each Score
Percentile by Number Answered
Your Score History
You have not taken this quiz